000 00465nam a2200181Ia 4500
008 100917s9999 xx 000 0 und d
082 _b8065
100 _aनांगरे बलराम
245 _aुफुलवंती
260 _b---
_c1968
300 _a96
365 _b4
520 _aकादंबरी
630 _aुफुलवंती
650 _aकादंबरी
730 _aुफुलवंती
942 _cBOOK
999 _c613459
_d613456